[Event "IECC M email"]
[Site "IECC email"]
[Date "1998.08.25"]
[Round "?"]
[White "Hanson, Jeff"]
[Black "Copeland, Dylan"]
[Result "0-1"]
[WhiteElo "1648"]
[BlackElo "1614"]
[PlyCount "68"]
[EventDate "1998.??.??"]
[EventType "tourn (corr)"]
[EventRounds "12"]
[SourceTitle "Corr 2008"]
[Source "ChessBase"]
[SourceDate "2008.06.24"]
[SourceVersion "1"]
[SourceVersionDate "2008.06.24"]
[SourceQuality "1"]

1. e4 c6 2. d4 d5 3. Nc3 dxe4 4. Nxe4 Bf5 5. Ng3 Bg6 6. Nf3 Nd7 7. h4 h6 8. Bd3 Bxd3 9. Qxd3 Qc7 10. Bd2 e6 11. 0-0-0 Ngf6 12. c4 b5 13. cxb5 cxb5+ 14. Kb1 Be7 15. Rc1 Qb7 16. Rc2 0-0 17. Rhc1 Bd6 18. Rc6 Bxg3 19. fxg3 a6 20. Rc7 Qd5 21. Bf4 Rfd8 22. Ne5 Nxe5 23. Bxe5 Qxe5 24. dxe5 Rxd3 25. exf6 Rxg3 26. Rd7 gxf6 27. Rcc7 Rf8 28. Ra7 Rxg2 29. Rxa6 Rg1+ 30. Kc2 Rc8+ 31. Kb3 Rc4 32. a3 Rg3+ 33. Ka2 Rg7 34. Rc6 Rxc6 0-1

[Event "IECC M email"]
[Site "IECC email"]
[Date "1998.08.08"]
[Round "?"]
[White "Copeland, Dylan"]
[Black "Cefola, Raymond N"]
[Result "1-0"]
[WhiteElo "1632"]
[BlackElo "1603"]
[PlyCount "61"]
[EventDate "1998.??.??"]
[EventType "tourn (corr)"]
[EventRounds "12"]
[SourceTitle "Corr 2008"]
[Source "ChessBase"]
[SourceDate "2008.06.24"]
[SourceVersion "1"]
[SourceVersionDate "2008.06.24"]
[SourceQuality "1"]

1. Nf3 d5 2. c4 e6 3. g3 Nc6 4. Bg2 Be7 5. 0-0 Nf6 6. d4 0-0 7. b3 b6 8. Bb2 Ne4 9. Nbd2 Bf6 10. Nxe4 dxe4 11. Ne5 Nxe5 12. dxe5 Be7 13. Bxe4 Rb8 14. Qc2 f5 15. exf6 Bxf6 16. Bxh7+ Kh8 17. Bxf6 Qxf6 18. Be4 e5 19. Rad1 Be6 20. Qd2 Rbc8 21. Qe3 c6 22. Rd6 Rfd8 23. Rfd1 Qe7 24. Rxd8+ Rxd8 25. Rxd8+ Qxd8 26. Qf3 Qf6 27. Qh5+ Qh6 28. Qxh6+ gxh6 29. Bxc6 a5 30. f4 exf4 31. gxf4 1-0